000 01103nam a2200325 i 4500
003 IT-RoINE
005 20191031114654.0
008 120217s2012 it |r 001|||ita|d
020 _a9788854135222
040 _cIT-RoINE
_dIT-RoINE
041 1 _aita
_heng
100 1 _aBerry, Jason,
_d1949-
_955616
240 1 0 _aRender unto Rome.
_lItaliano
245 1 3 _aLa cassa del Vaticano :
_b la vita segreta del denaro nella Chiesa cattolica /
_cJason Berry.
260 _aRoma :
_bNewton Compton,
_c2012.
300 _a477 p. ;
_c24 cm.
336 _2rdacontent
_atext
337 _2rdamedia
_aunmediated
338 _2rdacarrier
_avolume
490 1 _aControcorrente ;
_v91
500 _aTraducción de Giovanni Agnoloni e Floriana Pagano.
500 _aIncluye índice.
504 _aReferencias bibliográficas en nota final.
650 4 _aBienes eclesiásticos
_xAdministración
_ySiglos 19o.-20o.
_955617
650 4 _aFinanzas
_953787
_zVaticano
700 1 _aPagano, Floriana
_955619
700 1 _aAgnoloni, Giovanni
_955620
830 0 _aControcorrente ;
_955621
_v91
942 _cMTS
999 _c28189
_d28189